Filmový přehled. č. 1-12, 1986

Bibliographic Details
Format: Book
Language:Undetermined
Published: Praha Panorama 1986

MARC

LEADER 00000nam a2200000 a 4500
001 vtls001278944
003 SK-MaSNL
005 20260224105338.0
008 210928s1986 xx 0 und
035 |a SNK000230279 
040 |a SNK  |b slo  |c SNK  |e AACR2 
245 1 |a Filmový přehled. č. 1-12, 1986 
260 |a Praha  |b Panorama  |c 1986 
958 |a OND 
999 |c 971817  |d 973747 
952 |t P60, <06>, [BOOK], {606}  |a SNK  |b SNK  |y PREZ  |7 0  |p 17A0053831  |o snkČE 3/1986  |0 0  |1 1  |4 0  |d 1997-03-06  |l 0  |r 2005-01-02 00:00:00  |w 2026-02-24